000 00746nam a22002417a 4500
003 URS
005 20260204171218.0
008 260204b |||||||| |||| 00| 0 eng d
020 _a978-621-02-1873-2
040 _cURS
050 0 0 _aKPM 50
_b.M7645 2023
100 1 _aJr. Montemayor, Jose C.
_eAuthor
245 1 0 _aLegal Education in the Philippines:
_bIncluding the Law Schools in the Philippines/
_cJr. Montemayor, Jose C.
264 1 _aQuezon City
_bCentral Book Supply, Inc.
_c2023
300 _axii, 683 pages;
_billustrations,
_c23cm.
336 _2rdacontent
_atext
337 _2rdamedia
_aunmediated
338 _2rdacarrier
_avolume
650 _2law.
650 _2study and teaching.
650 _2Philippines.
942 _2lcc
_cF
999 _c89217
_d89214